[Event "45th FIDE Chess Olympiad - Women's Sect"]
[Site "Budapest, Hungary"]
[Date "2024.09.12"]
[Round "2.90"]
[White "Silva, Mariana"]
[Black "Avramidou, Anastasia"]
[Result "1/2-1/2"]
[WhiteElo "2005"]
[BlackElo "2290"]
[PlyCount "77"]
[EventDate "2024.??.??"]
[WhiteTeam "Portugal"]
[BlackTeam "Greece"]
[WhiteTeamCountry "POR"]
[BlackTeamCountry "GRE"]
[WhiteClock "0:01:55"]
[BlackClock "0:01:10"]

1. d4 {Szabo,Krisztian} g6 2. c4 Bg7 3. Nf3 Nf6 4. Nc3 d6 5. g3 Bf5 6. Bg2 Ne4 ({RR} 6... c6) 7. Nd5 ({RR} 7. Nxe4 Bxe4 8. O-O O-O 9. Be3 c5 10. Qd2 Qb6 ({RR} 10... Nd7 11. Rad1 Qc7 12. dxc5 ({RR} 12. Bh6 Bxf3 13. Bxf3 cxd4 14. Bxg7 Kxg7 15. Qxd4+ Ne5 16. b3 Kg8 17. Bg2 a5) 12... Nxc5 13. Bh6 Rfd8 14. Bxg7 Kxg7 15. h4 Nd7 16. Qe3 Nf6) 11. Bh6 ({RR} 11. Rad1 Nc6 12. d5 Nb4 ({RR} 12... Bxf3 13. exf3 ({RR} 13. Bxf3 Ne5) 13... Nd4 14. Rfe1 Qa6 15. Bxd4 Bxd4 16. b3 Bf6) 13. a3 Nc2 14. Bh6 Bxh6 15. Qxh6 Bxf3 16. Bxf3 Nd4) 11... Bxh6 12. Qxh6 Bxf3 13. dxc5 Qxc5 ({RR} 13... dxc5 14. Bxf3 Nc6 15. Bxc6 ({RR} 15. b3 Nd4) 15... Qxc6) 14. Bxf3 Nc6 15. Rac1 a5 16. Rfd1 Qb6 17. Qd2 a4 18. h4 Ne5 19. h5 Rfc8 ({RR} 19... Ra5 20. hxg6 Nxf3+ 21. exf3 fxg6) 20. hxg6 hxg6 21. Kg2 Rxc4 {Lenic,L (2637)-Caruana,F (2782) Warsaw 2013 CBM 158 [Szabo,Krisztian] 1-0 (58)} ({RR} 21... Kg7 22. Rh1 Rh8) {RR} 22. Qh6 Rxc1 23. Rxc1 Nxf3 24. Rh1 Qxb2 25. Qh7+ Kf8 26. Qh8+ Qxh8 27. Rxh8+ Kg7 28. Rxa8) 7... c6 8. Ne3 Bc8 $146 ({RR} 8... Bd7 9. O-O f5 10. Nd2 Nxd2 11. Qxd2 e5 12. Nc2 O-O 13. b3 e4 14. Ba3 Qc7 15. f3 exf3 16. exf3 f4 17. Rae1 Bf5 18. d5 c5 19. gxf4 Qf7 20. Ne3 Nd7 21. Bb2 Rae8 22. Ng4 Rxe1 23. Rxe1 {De Saegher,C (2194)-Glek,I (2540) Haarlem 2007 ½-½}) ({RR} 8... Qa5+ 9. Kf1 Bc8 10. d5 Nf6 11. Bd2 Qb6 12. Bc3 c5 13. Qc2 O-O 14. h4 h5 15. Ng5 Qa6 16. Ne4 Nbd7 17. g4 Ne5 18. Bxe5 dxe5 19. gxh5 Nxe4 20. Bxe4 f5 21. Bg2 gxh5 22. Bh3 Qf6 23. Ng2 {Argueello Pitt,C (1994)-Sanroman Costas,M (2143) Madrid ESP 2024 0-1 (58)}) ({RR} 8... Qa5+ 9. Kf1 Bc8 10. Qc2 f5 11. h4 h5 12. Ne1 Bxd4 13. Bxe4 Bxe3 14. Bxe3 fxe4 15. Qxe4 Bf5 16. Qd4 Rg8 17. Nf3 Nd7 18. Bg5 Nc5 19. Qe3 O-O-O 20. a3 Ne4 21. b4 Qb6 22. Qxb6 axb6 23. Bxe7 {Howell,D (2685)-Jones,G (2659) England 2018 ½-½}) ({RR} 8... Qa5+ 9. Kf1 Bc8 10. h4 h5 11. Qd3 Nf6 12. Bd2 Qc7 13. Ng5 Nbd7 14. f4 e5 15. dxe5 dxe5 16. Bb4 Bf8 17. Bxf8 Rxf8 18. f5 Nc5 19. Qa3 Qe7 20. b4 Na6 21. c5 Bxf5 22. Bxc6+ bxc6 23. Qxa6 {Pakhomov,E (2402)-Kabanov,N (2535) Tomsk 2011 0-1}) 9. O-O O-O 10. Qd3 d5 11. b3 a5 12. Bb2 e6 13. Nd1 Na6 14. a3 a4 15. b4 Nd6 16. Nd2 Nc7 17. e4 dxe4 18. Nxe4 Nf5 19. d5 exd5 20. cxd5 cxd5 21. Bxg7 Nxg7 22. Nec3 Bf5 23. Qd2 d4 24. Ne2 Re8 25. Bxb7 Rb8 26. Bg2 Nb5 27. Nb2 d3 28. Nc1 Qd4 29. Ncxd3 Red8 30. Rfd1 Nc3 31. Rdc1 Rbc8 32. Bf1 Ne6 33. Qe3 Qxe3 34. fxe3 Ng5 35. Kf2 Nce4+ 36. Kg1 Nc3 37. Kf2 Nce4+ 38. Kg1 Nc3 39. Kf2 1/2-1/2

[Event "45th FIDE Chess Olympiad - Women's Sect"]
[Site "Budapest, Hungary"]
[Date "2024.09.12"]
[Round "2.91"]
[White "Pavlidou, Ekaterini"]
[Black "Silva, Ana Ines Teixeira D"]
[Result "1-0"]
[WhiteElo "2141"]
[BlackElo "1925"]
[PlyCount "93"]
[EventDate "2024.??.??"]
[WhiteTeam "Greece"]
[BlackTeam "Portugal"]
[WhiteTeamCountry "GRE"]
[BlackTeamCountry "POR"]
[WhiteClock "0:11:18"]
[BlackClock "0:00:39"]

1. d4 d5 2. c4 e6 3. Nc3 Nf6 4. cxd5 exd5 5. Bg5 c6 6. e3 h6 7. Bh4 Be7 8. Bd3 O-O 9. Qc2 Re8 10. Nge2 Nbd7 11. O-O a5 12. a3 b5 ({RR} 12... Nh5 13. Bxe7 Qxe7 14. Rae1 Nf8 15. Nc1 Nf6 16. f3 Ne6 17. N1e2 c5 18. Bb5 Rd8 19. dxc5 Qxc5 20. Qd2 Bd7 21. Bxd7 Nxd7 22. Nd4 Nb6 23. Rd1 Nc4 24. Qf2 Rac8 25. Na4 Qe7 26. Rfe1 Qf6 27. Nb5 {Nepomniachtchi,I (2795)-Ding Liren (2788) Astana KAZ 2023 ½-½}) 13. Rfc1 $146 ({RR} 13. f3 Qb6 14. Kh1 Ba6 15. Bf2 c5 16. Bf5 Qc6 17. e4 dxe4 18. Nxe4 c4 19. Rfd1 Rad8 20. Qd2 b4 21. d5 Qb7 22. d6 Bf8 23. axb4 axb4 24. Ra4 c3 25. bxc3 Bxe2 26. Qxe2 bxc3 27. Ra7 Qb3 {Hudaverdieva,A-Gambarova,I Baku 2003 1-0 (40)}) ({RR} 13. Rfe1 Ba6 14. f3 b4 15. Bxa6 Rxa6 16. Na4 Nh5 17. Bf2 Bg5 18. f4 Be7 19. Qd3 Qa8 20. Qf5 Nhf6 21. Ng3 c5 22. dxc5 Nxc5 23. Nxc5 Bxc5 24. Qd3 Rae6 25. Nf5 Ne4 26. Nd4 Rg6 27. axb4 Bxb4 {Montano Vicente,G (1991)-Krzywda,A (2208) chess.com INT 2024 0-1 (42)}) ({RR} 13. Rad1 Nb6 14. Rfe1 Nc4 15. a4 b4 16. Nb1 Nd6 17. Nd2 Ba6 18. Bxa6 Rxa6 19. Nb3 Nc4 20. Nd2 Nd6 21. Nb3 Nc4 22. Nd2 Nxd2 23. Rxd2 Ne4 24. Bxe7 Qxe7 25. Rd3 Rc8 26. Ng3 Nd6 27. b3 Qe6 {Sahil,T (2201)-Yuan,Q (2373) Chess.com INT 2022 ½-½ (105)}) ({RR} 13. f3 Nb6 14. Rae1 Ba6 15. e4 dxe4 16. fxe4 b4 17. Bxa6 Rxa6 18. axb4 axb4 19. e5 Ng4 20. Bxe7 Qxe7 21. Ne4 Qh4 22. h3 Ne3 23. Qxc6 Rea8 24. g3 Qe7 25. Nc5 Ra2 26. Qxb6 Nxf1 27. Kxf1 Rxb2 {Dias,P (2330)-Sousa,A (2430) Coimbra POR 2023 0-1 (45)}) 13... Ba6 14. h3 Qb8 15. Bg3 Qb7 16. Bf5 Nb6 17. Nf4 Nc4 18. Nd3 g6 19. Bg4 Nxg4 20. hxg4 Qd7 21. Qd1 Bc8 22. b3 Nxa3 23. Ne5 Qe6 24. Ne2 Bb7 25. Nf4 Qf6 26. Nfd3 a4 27. Nd7 Qg7 28. N7c5 Bxc5 29. Nxc5 axb3 30. Qxb3 Bc8 31. Rxa3 Bxg4 32. Rca1 Rac8 33. Ra7 h5 34. Be5 Rxe5 35. dxe5 Qxe5 36. Ra8 Kg7 37. Nd3 Qf6 38. Qb4 Qg5 39. Qd4+ Kh7 40. Rxc8 Bxc8 41. Ra8 Qf5 42. Ne5 c5 43. Qxd5 Be6 44. Qxc5 b4 45. Qd4 Qf6 46. Nf3 Qxd4 47. Nxd4 1-0

[Event "45th FIDE Chess Olympiad - Women's Sect"]
[Site "Budapest, Hungary"]
[Date "2024.09.12"]
[Round "2.92"]
[White "Duque, Raquel Dos Santos"]
[Black "Markantonaki, Haritomeni"]
[Result "0-1"]
[WhiteElo "1913"]
[BlackElo "2179"]
[PlyCount "120"]
[EventDate "2024.??.??"]
[WhiteTeam "Portugal"]
[BlackTeam "Greece"]
[WhiteTeamCountry "POR"]
[BlackTeamCountry "GRE"]
[WhiteClock "0:15:51"]
[BlackClock "0:01:57"]

1. d4 {Prusikin,Michael} Nf6 2. Nf3 e6 3. g3 d5 4. Bg2 b5 5. O-O Nbd7 ({RR} 5... Bb7 6. Bg5 ({RR} 6. c3 Nbd7 7. a4 b4 8. cxb4 Bxb4 9. Bd2 c5 10. dxc5 Bxc5 11. b4 Be7 12. Bc3 O-O 13. Nbd2 Rc8 14. Qb3 Bd6 15. Rfc1 e5 16. Bb2 Qb6 17. b5 Ng4 18. e3 Nc5 19. Rxc5 Qxc5 20. h3 Nf6) 6... Nbd7 7. Nbd2 c5 8. c3 Be7 9. a4 b4 10. cxb4 cxb4 11. Nb3 O-O 12. Qd3 h6 13. Bxf6 Bxf6 14. Rfc1 a5 15. e3 Ba6 16. Qd1 Qb6 17. Bf1 Rfc8 18. Bxa6 Qxa6 19. Qf1 Qxf1+ 20. Kxf1) 6. Bg5 ({RR} 6. b3 Bb7 7. Nbd2 c5 8. c4 bxc4 9. bxc4 Be7 10. Rb1 Bc6 11. Ne5 Nxe5 12. dxe5 Nd7 13. cxd5 exd5 14. Nc4 Nb6 15. Ne3 Qd7 16. Ba3 Rd8 17. Rc1 Ba4 {½-½ (17) Speelman,J (2511)-Adams,M (2724) London 2007}) 6... Be7 7. Qd3 ({RR} 7. a4 b4 8. c4 bxc3 9. Nxc3 O-O 10. Ne5 Nxe5 11. dxe5 Nd7 12. Bxe7 Qxe7 13. e4 c6 14. exd5 cxd5 15. Re1 Rb8 16. Nb5 Ba6 17. Nd4 Rxb2 18. Qc1 Rb6 19. Qc7 Qd8 20. Qxa7 Bc4 21. Qa5 Qb8 {Speelman,J (2492)-Maxwell,D (2124) Leamington Spa ENG 2023 0-1 (38)}) 7... a6 ({RR} 7... c5 8. Qxb5 ({RR} 8. dxc5 Nxc5 9. Qxb5+ Bd7 10. Qb4 Nce4 11. Qe1 Nxg5 12. Nxg5 Rb8) 8... Rb8) 8. a4 $146 ({RR} 8. Nbd2 Bb7 9. Nb3 c5 10. Nxc5 Nxc5 11. dxc5 Bxc5 12. Nd4 O-O 13. c3 h6 14. Bxf6 Qxf6 15. Nb3 Bb6 16. a4 Bc6 17. a5 Ba7 18. Nd4 Bb7 19. e3 Rac8 20. Rfd1 Rc4 21. Nc2 Rd8 22. Qe2 g6 {Voiska,M (2339)-Cramling,P (2539) Plovdiv 2008 0-1 (44)}) ({RR} 8. Nbd2 Bb7 9. Nb3 c5 10. dxc5 Rc8 11. c3 h6 12. Be3 Ne4 13. Rad1 Ndxc5 14. Nxc5 Nxc5 15. Qb1 O-O 16. Bd4 a5 17. Nd2 f5 18. Bxc5 Bxc5 19. Nb3 Bb6 20. Nd4 Qd7 21. e3 b4 22. cxb4 axb4 {Cosma,I (2457)-Berescu,A (2489) Eforie Nord 2008 ½-½ (67)}) ({RR} 8. Nbd2 Bb7 9. Bxf6 Bxf6 ({RR} 9... Nxf6 10. Nb3 O-O 11. a4 b4 12. Rfc1) 10. e4 ({RR} 10. b4) 10... O-O 11. Rfe1 ({RR} 11. c3 e5 ({RR} 11... c5) 12. dxe5 dxe4 13. Nxe4 Nxe5 14. Nxf6+ Qxf6 15. Nxe5 Bxg2 16. Nd7 Qc6 17. Nxf8 Rxf8 18. Rfe1 Bh1 19. Qf1 g5 20. Re5 f6 21. Re7 g4 22. Rd1 Rf7 23. Rxf7 Kxf7 24. Rd4 h5 25. h3 Be4) 11... c5 12. e5 Be7 13. h4 b4 14. Qe3 Qb6 15. Rad1 Rac8 16. Nb3 a5 17. Ng5 Ba6 18. Bh3 h6 19. Nf3 a4 20. dxc5 Nxc5 21. Nbd4 Rc7 22. Nd2 a3 {Bezold,M (2534)-Prusikin,M (2563) Pulvermuehle 2006 CBM 112 [Prusikin,Michael] 0-1 (59)}) 8... b4 9. c4 bxc3 10. bxc3 a5 11. Re1 O-O 12. Nbd2 Ba6 13. Qc2 c5 14. e4 Nxe4 15. Nxe4 dxe4 16. Bxe7 Qxe7 17. Qxe4 Nf6 18. Qe5 Qa7 19. Nd2 Rac8 20. Nb3 cxd4 21. cxd4 Rc3 22. Rab1 Bd3 23. Rec1 Rfc8 24. Nc5 Bxb1 25. Rxc3 Ba2 26. Ne4 Rxc3 27. Nxc3 Bb3 28. Qb5 Bc2 29. Qc4 Qb8 30. Qb5 Qxb5 31. axb5 Nd7 32. Bc6 Nb8 33. Kf1 Kf8 34. Ke2 Ke7 35. Kd2 Bb3 36. Ne4 Ba4 37. Nc5 Nxc6 38. Nxa4 Nxd4 39. b6 Kd6 40. Kc3 Nf3 41. Nc5 Ne5 42. b7 Kc7 43. Kb3 Nc6 44. Ka4 Nd8 45. b8=Q+ Kxb8 46. Ne4 Kc7 47. Kxa5 Kc6 48. Kb4 Kd5 49. f3 f5 50. Nd2 Kd4 51. Kb3 Kd3 52. Nc4 Nc6 53. f4 Nd4+ 54. Kb4 Nf3 55. h4 Nd4 56. Nd6 Ke3 57. Ne8 g6 58. Ng7 Ne2 59. h5 Nxg3 60. Nxe6 gxh5 0-1

[Event "45th FIDE Chess Olympiad - Women's Sect"]
[Site "Budapest, Hungary"]
[Date "2024.09.12"]
[Round "2.93"]
[White "Perez Rodriguez, Jennifer"]
[Black "Brunello, Marina"]
[Result "1-0"]
[WhiteElo "2224"]
[BlackElo "2348"]
[PlyCount "93"]
[EventDate "2024.??.??"]
[WhiteTeam "Paraguay"]
[BlackTeam "Italy"]
[WhiteTeamCountry "PAR"]
[BlackTeamCountry "ITA"]
[WhiteClock "0:03:04"]
[BlackClock "0:08:13"]

1. d4 Nf6 2. Bf4 b6 3. e3 Bb7 4. Nf3 g6 5. h3 Bg7 6. Be2 O-O 7. O-O d6 8. a4 Nbd7 9. Nc3 $146 ({RR} 9. Bh2 c5 10. c3 a6 11. Na3 d5 12. b4 Ne4 13. Qb3 c4 14. Qb2 Rc8 15. Nb1 f6 16. Nbd2 Nd6 17. b5 a5 18. Qa3 Qc7 19. Ne1 e5 20. Nc2 Rfe8 21. Rae1 Bf8 22. Qc1 Qd8 23. Bg4 f5 {Burmakin,V (2578)-Bacrot,E (2721) Calvi 2014 0-1 (47)}) ({RR} 9. a5 bxa5 10. Nbd2 c5 11. Nc4 Ba6 12. Nxa5 Bxe2 13. Qxe2 Qb6 14. c3 Ne4 15. Qc2 d5 16. Nd2 Nxd2 17. Qxd2 Rfd8 18. Rfd1 c4 19. b3 cxb3 20. Rdb1 e5 21. Rxb3 Qe6 22. Bg3 Nb6 23. Nb7 Nc4 {Carlsen,M (2832)-Guseinov,G (2645) Chess.com INT 2017 1-0 (56)}) ({RR} 9. a5 a6 10. axb6 cxb6 11. Bh2 Re8 12. c3 b5 13. Nbd2 e5 14. dxe5 dxe5 15. Nb3 Qe7 16. Na5 Bxf3 17. Bxf3 e4 18. Be2 Ne5 19. Qb3 Red8 20. Bxe5 Qxe5 21. Nc6 Qe8 22. Nxd8 Qxd8 23. Rfd1 Qc7 {Rees,I (2251)-Yordanov,N (2222) chess.com INT 2024 1-0 (66)}) ({RR} 9. a5 a6 10. axb6 cxb6 11. Nbd2 Ra7 12. Re1 Qa8 13. Bf1 Nd5 14. Bh2 b5 15. Nb3 N5b6 16. Na5 Bd5 17. Nd2 Nf6 18. c3 Qe8 19. b3 Ne4 20. c4 Nxd2 21. Qxd2 bxc4 22. bxc4 Ba8 23. Qb4 Nd7 {Gelle,I (2307)-Havasi,J (2136) Budapest 2018 1-0 (37)}) ({RR} 9. a5 Re8 10. a6 Bc8 11. Bb5 c5 12. Bc6 Rb8 13. Qd3 Qc7 14. Qb5 Rd8 15. Nc3 Nf8 16. Rfd1 Ne6 17. Bh2 Bd7 18. Bxd7 Qxd7 19. Qxd7 Rxd7 20. Nb5 Ra8 21. c4 Ne4 22. Nd2 Nf6 23. Nb1 Ne8 {Fernandez Serrano,P (1991)-Garcia Marin,G (2066) Barcelona 2018 ½-½}) 9... Re8 10. Bh2 a6 11. Qd3 e5 12. dxe5 dxe5 13. Qc4 Rc8 14. Rfd1 Qe7 15. e4 Bf8 16. Nd2 a5 17. f3 Nc5 18. Qa2 Nh5 19. Bc4 Bh6 20. Nf1 Rf8 21. Kh1 c6 22. Ne2 Rcd8 23. Qa3 Qg5 24. b4 Na6 25. bxa5 bxa5 26. Qb2 Qe7 27. Bxe5 Rxd1 28. Rxd1 Re8 29. Qb6 Qxe5 30. Qxb7 Nc7 31. Qxc6 Nf4 32. Qd6 Nxe2 33. Qxe5 Rxe5 34. Bxe2 Rc5 35. c4 Bg5 36. Nd2 Bxd2 37. Rxd2 g5 38. Kg1 Kg7 39. Kf2 h5 40. g3 Kf6 41. Ke3 h4 42. gxh4 gxh4 43. f4 Rc6 44. Rb2 Na8 45. e5+ Ke7 46. Bf3 Rb6 47. Rb5 1-0

[Event "45th FIDE Chess Olympiad - Women's Sect"]
[Site "Budapest, Hungary"]
[Date "2024.09.12"]
[Round "2.94"]
[White "Zimina, Olga"]
[Black "Vargas, Gabriela"]
[Result "1/2-1/2"]
[WhiteElo "2302"]
[BlackElo "2109"]
[PlyCount "196"]
[EventDate "2024.??.??"]
[WhiteTeam "Italy"]
[BlackTeam "Paraguay"]
[WhiteTeamCountry "ITA"]
[BlackTeamCountry "PAR"]
[WhiteClock "0:13:09"]
[BlackClock "0:08:15"]

1. Nf3 d5 2. g3 Nf6 3. Bg2 e6 4. O-O Be7 5. d3 O-O 6. Nbd2 c5 7. e4 Nc6 8. Re1 b5 9. e5 Nd7 10. Nf1 a5 11. h4 a4 12. a3 b4 13. Bf4 bxa3 14. bxa3 Ba6 15. Ne3 Nd4 ({RR} 15... Rb8 16. c4 dxc4 17. Nxc4 Nb6 18. Nd6 Nd5 19. Qxa4 Rb6 20. Rac1 Nxf4 21. Qxf4 Nxe5 22. Nxe5 Bxd6 23. Qe3 Rb3 24. a4 Qc7 25. Nc4 Be7 26. Ne5 Bd6 27. Nc4 Be7 28. Ne5 {½-½ (28) Svidler,P (2756)-Karjakin,S (2772) Loo 2014}) 16. Bh3 $146 ({RR} 16. c4 Nb3 17. cxd5 Nxa1 18. Qxa1 exd5 19. Nxd5 Bxd3 20. e6 Nf6 21. Nxe7+ Qxe7 22. Ne5 Bg6 23. Nc6 Qb7 24. Bd6 Be4 25. Rxe4 Qxc6 26. Bxf8 Rxf8 27. Qxf6 Qxe4 28. Qxf7+ Rxf7 29. exf7+ Kxf7 30. Bxe4 {1-0 (30) Gheorghiu,F-Uhlmann,W Sofia 1967}) ({RR} 16. Nxd4 cxd4 17. Ng4 h5 18. Nh2 g6 19. Nf3 Qb6 20. Bg5 Bxg5 21. Nxg5 Rac8 22. g4 hxg4 23. Qxg4 Rxc2 24. Rad1 Nc5 25. h5 Bxd3 26. Rxd3 Nxd3 27. hxg6 fxg6 28. Nxe6 Nxe5 29. Rxe5 Rf6 30. Nf4 Rc1+ {Mazurkiewicz,M (2224)-Pinero,C (2284) chess.com INT 2024 0-1 (38)}) ({RR} 16. c4 Nb6 17. cxd5 Nxf3+ 18. Qxf3 Bb7 19. Qg4 f5 20. exf6 Bxf6 21. Qxe6+ Kh8 22. Rab1 Ra6 23. Qd6 Nd7 24. Qc7 Ba8 25. Qxd8 Bxd8 26. Nc4 h6 27. Re6 Ra7 28. Rbe1 Bf6 29. Re8 Kg8 30. Bd6 Rxe8 {Ost Hansen,J (2331)-Hoi,C (2089) Gentofte 1974 1-0 (34)}) ({RR} 16. Ng5 h6 17. Qh5 hxg5 18. hxg5 Ra7 19. Kh2 g6 20. Qh6 Re8 21. Rh1 Bf8 22. Qh3 Bg7 23. Kg1 Nxe5 24. Qh7+ Kf8 25. Qxg7+ Kxg7 26. Bxe5+ f6 27. gxf6+ Kg8 28. f7+ Kxf7 29. Rh7+ Kf8 30. Rh8+ Kf7 {Tonel,G (1939)-Panella,F (2030) Montecatini Terme 2011 ½-½ (31)}) 16... Rc8 17. Nd2 Nb6 18. Qg4 Kh8 19. h5 h6 20. Bf1 Rb8 21. Qd1 Bg5 22. Ng2 Bxf4 23. Nxf4 Nd7 24. Ra2 Qa5 25. Bg2 Qc7 26. c3 Nc6 27. Qxa4 Bb5 28. Qc2 Ndxe5 29. a4 Ba6 30. Nf3 Nxf3+ 31. Bxf3 Ne5 32. Bg2 c4 33. dxc4 Bxc4 34. Raa1 Rfc8 35. Qd2 Nc6 36. Bh3 Re8 37. Ng2 Ne5 38. Qe3 Nd3 39. Red1 Nc5 40. Nh4 Rb2 41. Bg2 Re2 42. Qf4 Qxf4 43. gxf4 Rc2 44. f5 Rxc3 45. fxe6 fxe6 46. Re1 Ra8 47. Ng6+ Kh7 48. a5 Ra6 49. Rab1 Bb3 50. Bf1 Rxa5 51. Nf8+ Kg8 52. Nxe6 Nxe6 53. Rxe6 Rac5 54. Re8+ Kf7 55. Rb8 Ba4 56. R1b4 Bd1 57. Rf4+ Ke7 58. Rg8 Bxh5 59. Rxg7+ Ke6 60. Rh7 Rc1 61. Rxh6+ Ke5 62. Rf8 Bg4 63. Re8+ Kf5 64. Kg2 Bf3+ 65. Kxf3 Rxf1 66. Rh5+ Kg6 67. Ree5 Rc2 68. Rhg5+ Kf6 69. Rgf5+ Kg6 70. Kg2 Rd1 71. Rxd5 Rxd5 72. Rxd5 Rc3 73. f3 Kf6 74. Kg3 Rc6 75. Kg4 Rc4+ 76. f4 Rc6 77. Rf5+ Kg6 78. Rg5+ Kf6 79. Rh5 Kg6 80. f5+ Kg7 81. Kg5 Ra6 82. Rh1 Rb6 83. Ra1 Rc6 84. Ra7+ Kf8 85. Rd7 Ra6 86. Kf4 Ke8 87. Rd5 Kf7 88. Ke5 Ke7 89. Rb5 Kf7 90. Rb7+ Kf8 91. Rd7 Ke8 92. Rd6 Rxd6 93. Kxd6 Kf7 94. Ke5 Ke7 95. f6+ Kf7 96. Kf5 Kf8 97. Kg5 Kf7 98. Kf5 Kf8 1/2-1/2

[Event "45th FIDE Chess Olympiad - Women's Sect"]
[Site "Budapest, Hungary"]
[Date "2024.09.12"]
[Round "2.96"]
[White "Sedina, Elena"]
[Black "Oviedo Acosta, Paula"]
[Result "1-0"]
[WhiteElo "2196"]
[BlackElo "1790"]
[PlyCount "71"]
[EventDate "2024.??.??"]
[WhiteTeam "Italy"]
[BlackTeam "Paraguay"]
[WhiteTeamCountry "ITA"]
[BlackTeamCountry "PAR"]
[WhiteClock "0:01:26"]
[BlackClock "0:04:08"]

1. e4 c5 2. Nf3 a6 3. c3 g6 4. d4 cxd4 5. cxd4 d5 6. exd5 Nf6 7. Nc3 Bg7 ({RR} 7... Nxd5 8. Bc4 Nxc3 9. bxc3 Bg7 10. h4 Qc7 11. Qb3 e6 12. Bd3 Nc6 13. h5 Bd7 14. Ng5 Rc8 15. Ne4 O-O 16. hxg6 hxg6 17. Bg5 f5 18. Nc5 Na5 19. Qb4 Rf7 20. Rb1 Bf8 21. Kf1 Bc6 22. Kg1 {Shirov,A (2704)-Kurajica,B (2555) Sarajevo 2002 1-0 (34)}) 8. Qb3 Nbd7 ({RR} 8... O-O 9. Be2 Nbd7 10. d6 exd6 11. Bf4 Nb6 12. O-O h6 13. a4 g5 14. Be3 Be6 15. Qb4 Nfd5 16. Nxd5 Nxd5 17. Qxb7 Rb8 18. Qxa6 Rxb2 19. Rfb1 Rxb1+ 20. Rxb1 Qc7 21. Rc1 Qb8 22. Qb5 Qa8 23. Qc6 {Guimaraes,W (2122)-Martinez Pla,X (2261) chess.com INT 2024 0-1}) 9. a4 $146 ({RR} 9. d6 exd6 10. Bd3 O-O 11. O-O Nb6 {½-½ (11) Inants,A (2066)-Ajrapetian,G (2133) Moscow 2009}) ({RR} 9. Bg5 Nb6 10. Bxf6 Bxf6 11. Be2 O-O 12. O-O Bf5 13. Rfd1 a5 14. a4 Qd6 15. Ne5 Qb4 16. Qa2 Bc2 17. Rd2 Bb3 18. Qa3 Bg5 19. Rd3 Qxa3 20. bxa3 Bc2 21. Rg3 Bh4 22. Rh3 Bf6 23. Rc1 Bf5 {Jirasek,P (2277)-Sedlacek,O (2333) Czech Republic 2009 1-0}) ({RR} 9. Be2 Nb6 10. Ne5 Nfxd5 11. Bf3 Be6 12. Nxd5 Bxd5 13. Bxd5 Nxd5 14. Qxb7 O-O 15. O-O Qd6 16. Nc4 Qe6 17. Ne3 Rfd8 18. Nxd5 Qxd5 19. Qxe7 Bxd4 20. Qa3 Qb5 21. Qf3 Rac8 22. Rb1 Rc2 23. g3 Qc4 {Klip,H (2302)-Adamski,J (2229) Germany 2017 0-1 (34)}) 9... Nb6 10. Bg5 Nfxd5 11. a5 Nxc3 12. bxc3 Nd7 13. Bc4 O-O 14. O-O h6 15. Bh4 g5 16. Bg3 b5 17. Bd5 Ra7 18. Rfe1 Nf6 19. Bc6 Bd7 20. Ne5 Be6 21. Qa3 Bd5 22. Bxd5 Qxd5 23. Nd3 Ne4 24. Nb4 Qa8 25. Be5 Bxe5 26. dxe5 Rc8 27. Re3 Rac7 28. Rc1 Rc4 29. Qb2 Rd8 30. Nd3 Qc8 31. e6 Rxc3 32. exf7+ Kf8 33. Rce1 Nf6 34. Qe2 Rcxd3 35. Rxd3 Rxd3 36. Qxe7+ 1-0

[Event "45th FIDE Chess Olympiad - Women's Sect"]
[Site "Budapest, Hungary"]
[Date "2024.09.12"]
[Round "2.98"]
[White "Geske, Bruna"]
[Black "Orian, Noga"]
[Result "0-1"]
[WhiteElo "2023"]
[BlackElo "2187"]
[PlyCount "60"]
[EventDate "2024.??.??"]
[WhiteTeam "Albania"]
[BlackTeam "Israel"]
[WhiteTeamCountry "ALB"]
[BlackTeamCountry "ISR"]
[WhiteClock "0:01:55"]
[BlackClock "0:28:05"]

1. e4 {Psakhis,Lev} c5 2. Nf3 Nc6 3. Bb5 d6 4. O-O Bd7 5. Re1 Nf6 6. h3 a6 7. Bf1 Ne5 ({RR} 7... e6 8. c3 Be7 9. Na3 O-O 10. Nc2 Ne5 11. d3 Nxf3+ 12. Qxf3 Ba4 13. Qe2 Bc6 14. g3 d5 15. e5 Nd7 16. h4 Qb6 17. Bg2 Rae8 18. Rb1 Bd8 19. b4 Qc7 20. Bf4 Be7 21. Ne3 cxb4 22. cxb4 {Leko,P (2730)-Topalov,V (2711) Dortmund 2001 ½-½ (37)}) ({RR} 7... e6 8. b3 Be7 9. Bb2 O-O 10. d3 b5 11. e5 dxe5 12. Nxe5 Nxe5 13. Bxe5 Bc6 14. Nd2 Nd7 15. Bb2 Bf6) ({RR} 7... g6 8. c3 Bg7 9. d4 O-O 10. d5 Ne5 11. Nxe5 dxe5 12. Nd2 Qc7 13. b3 Ne8 14. Bb2 Nd6 15. c4) ({RR} 7... g5 8. d4 g4 9. d5 gxf3 10. dxc6 Bxc6 11. Qxf3 e6 12. Nc3 Be7 13. Bf4 b5 14. Rad1 Ra7 15. Qe3 Rd7) 8. Nc3 $146 ({RR} 8. d3 Bc6 9. Nbd2 e6 10. a4 b5 11. d4 Nxf3+ 12. Nxf3 Nxe4 13. dxc5 Nxc5 14. Nd4 Bd7 15. axb5 axb5 16. Rxa8 Qxa8 17. Nxb5 Qb8 18. c4 Be7 19. Bf4 e5 20. Be3 O-O 21. Bxc5 Bxb5 22. cxb5 dxc5 {Lee,O (2288)-Coelho,L (2392) Sao Paulo 2008 1-0 (51)}) ({RR} 8. Nxe5 dxe5 9. a4 Bc6 10. d3 b5 11. Be3 e6 12. Nd2 Be7 13. Nb3 Nd7 14. axb5 axb5 15. Rxa8 Qxa8 16. Qd2 O-O 17. Ra1 Qb7 18. Na5 Qa6 19. Nxc6 Qxc6 20. Be2 Ra8 21. Rxa8+ {½-½ (21) Elgersma,S (2263)-Van Baar,E (2252) Amsterdam 2018}) ({RR} 8. c3 Nxf3+ 9. Qxf3 Bc6 10. d4 d5 11. e5 Ne4 12. Qe3 e6 13. f3 Ng3 14. Bd3 cxd4 15. cxd4 h5 16. Qf4 h4 17. Qg4 Bb5 18. Bxb5+ axb5 19. Bg5 Qa5 20. Nd2 Nf5 21. Nb3 Qb6 22. Rec1 Kd7 {Belenkaya,D (2200)-Agopov,M (2429) Tallinn 2013 0-1 (42)}) ({RR} 8. a4 Nxf3+ ({RR} 8... b6) 9. Qxf3 e6 ({RR} 9... b6) 10. d3 ({RR} 10. a5) 10... Bc6 11. Nd2 Be7 ({RR} 11... b6) 12. a5 O-O 13. Nc4 Nd7 ({RR} 13... d5 14. Ne5) 14. Qg3 d5 15. exd5 Bxd5 ({RR} 15... exd5 16. Nd6 ({RR} 16. Bh6 Bf6 17. Nd6 Ne5)) 16. Bf4 Bh4 17. Qg4 Bf6 18. c3 Re8 ({RR} 18... Bxc4 19. dxc4) 19. Nd6 Re7 20. Ne4 Bxe4 ({RR} 20... Re8) 21. dxe4 Be5 ({RR} 21... Ne5 22. Qg3 Qc7 23. Red1) 22. Be3 Rc8 {Hansen,S (2545)-Tiviakov,S (2628) Esbjerg 2002 CBM 091 [Psakhis,Lev] 1-0 (39)} {RR} 23. f4 Bc7) ({RR} 8. Nxe5 dxe5 9. b3 e6 10. Bb2 Qc7 11. d3 Bc6 12. Nd2 Be7 13. Nc4 Nd7 14. Qh5 g6 15. Bxe5 Nxe5 16. Qxe5 Qxe5 17. Nxe5 Bf6 18. f4 g5 19. Rad1 Bb5 20. g3 gxf4 21. gxf4 Rg8+ 22. Kh2 Bxe5) 8... e6 9. a4 Be7 10. Nxe5 dxe5 11. a5 Bc6 12. d3 Qc7 13. Be3 O-O 14. Qc1 Nd7 15. Nb1 f5 16. f3 Bh4 17. Rd1 Rf7 18. exf5 exf5 19. Kh1 Kh8 20. Nd2 g5 21. Nb3 g4 22. Nxc5 Nxc5 23. Bxc5 gxf3 24. Kg1 fxg2 25. Be2 f4 26. Bh5 Qd7 27. Bg4 Qd5 28. Bf2 Bxf2+ 29. Kxf2 Qd4+ 30. Ke2 f3+ 0-1

[Event "45th FIDE Chess Olympiad - Women's Sect"]
[Site "Budapest, Hungary"]
[Date "2024.09.12"]
[Round "2.99"]
[White "Levitan, Ronit"]
[Black "Caku, Kler"]
[Result "1-0"]
[WhiteElo "2137"]
[BlackElo "1859"]
[PlyCount "121"]
[EventDate "2024.??.??"]
[WhiteTeam "Israel"]
[BlackTeam "Albania"]
[WhiteTeamCountry "ISR"]
[BlackTeamCountry "ALB"]
[WhiteClock "0:10:29"]
[BlackClock "0:02:58"]

1. e4 e5 2. Nf3 Nc6 3. Bb5 a6 4. Ba4 Nf6 5. O-O b5 6. Bb3 Be7 7. Re1 O-O 8. h3 d6 9. c3 Na5 10. Bc2 c5 11. d4 Qc7 12. d5 Bd7 13. b3 c4 14. b4 Nb7 15. a4 a5 16. axb5 axb4 17. Rxa8 Rxa8 18. cxb4 Bxb5 19. Nc3 Be8 20. Be3 Nd7 21. Qe2 $146 ({RR} 21. Ba4 Nb6 22. Bxe8 Rxe8 23. Qa1 Ra8 24. Bxb6 Rxa1 25. Bxc7 Ra6 26. Rb1 Kf8 27. Nd2 Ke8 28. Nxc4 Kd7 29. b5 {1-0 (29) Shahade,G (2476)-Suvorov,L (2279) Chess.com INT 2021}) ({RR} 21. Qc1 Nb8 22. Qb2 Bd8 23. Nd2 h6 24. Bd1 Bg5 25. Bxg5 hxg5 26. Be2 Nd7 27. Nxc4 Nb6 28. Nxb6 Qxb6 29. b5 Nc5 30. Ra1 Rxa1+ 31. Qxa1 Nb3 32. Qa8 Kf8 33. Qa6 Qd4 34. Qxd6+ Kg8 35. Qd8 Qxc3 {Khripachenko,A (2346)-Tworuszka,M (2260) chess.com INT 2024 ½-½ (41)}) 21... Nf8 22. Rc1 Ng6 23. Nd2 Rc8 24. g3 Bd7 25. Kg2 Nd8 26. Ra1 Rb8 27. Rb1 Rc8 28. h4 Bf6 29. h5 Nf4+ 30. gxf4 exf4 31. Bxf4 Bxc3 32. Qe3 Be5 33. h6 g6 34. Nf3 f6 35. Nxe5 dxe5 36. Bg3 Nf7 37. b5 Rb8 38. b6 Qd6 39. f3 Qf8 40. Bf2 Rb7 41. Bd1 Ng5 42. f4 Nh3 43. fxe5 fxe5 44. Bg3 Nf4+ 45. Bxf4 exf4 46. Qf3 Qxh6 47. Be2 Qg5+ 48. Kf2 Qh4+ 49. Kg2 h5 50. Bxc4 Bg4 51. d6+ Kh7 52. Qxf4 g5 53. Qg3 Bh3+ 54. Qxh3 Qxe4+ 55. Qf3 Qc2+ 56. Be2 Qc8 57. Qxh5+ Kg8 58. Qg6+ Rg7 59. Bc4+ Qxc4 60. Qe8+ Kh7 61. Rh1+ 1-0